| 000 | 01057pam a2200337 i 4500 | ||
|---|---|---|---|
| 999 |
_c1698 _d1698 |
||
| 001 | 017834297 | ||
| 003 | Uk | ||
| 005 | 20230120103930.0 | ||
| 008 | 160317r20162005enka j 000|1|eng|d | ||
| 015 |
_aGBB660834 _2bnb |
||
| 016 | 7 |
_a017834297 _2Uk |
|
| 020 | _a9781405280952 (pbk.) : | ||
| 040 |
_aStDuBDS _beng _cStDuBDS _dUk _dKH8 _erda |
||
| 042 | _aukblcatcopy | ||
| 082 | 0 | 4 |
_a823.914 NIM _223 |
| 100 | 1 | 0 |
_aNimmo, Jenny, _eauthor. |
| 240 | 1 | 0 | _aCastle of mirrors |
| 245 | 1 | 0 |
_aCharlie Bone and the castle of mirrors / _cJenny Nimmo. |
| 264 | 1 |
_aLondon : _bEgmont, _c2016. |
|
| 300 |
_a288 pages : _b1 illustration (black and white) ; _c20 cm |
||
| 336 |
_atext _2rdacontent |
||
| 336 |
_astill image _2rdacontent |
||
| 337 |
_aunmediated _2rdamedia |
||
| 338 |
_avolume _2rdacarrier |
||
| 500 | _aOriginally published: as The castle of mirrors, 2005. | ||
| 500 |
_aFormerly CIP. _5Uk |
||
| 600 | 1 | 0 |
_aBone, Charlie _c(Fictitious character) _vJuvenile fiction. |
| 655 | 0 | _aFantasy fiction. | |
| 655 | 0 | _aChildren's stories. | |
| 942 |
_2ddc _cNFIC |
||